Christophe Plantin (Record no. 163954)
[ view plain ]
| 000 -LEADER | |
|---|---|
| campo de control de longitud fija | 00704nam a22002175i 4500 |
| 001 - NÚMERO DE CONTROL | |
| campo de control | 163954 |
| 003 - IDENTIFICADOR DE NÚMERO DE CONTROL | |
| campo de control | ES-MaACL |
| 005 - FECHA Y HORA DE LA ÚLTIMA TRANSACCIÓN | |
| campo de control | 20230906212838.0 |
| 008 - DATOS DE LONGITUD FIJA--INFORMACIÓN GENERAL | |
| campo de control de longitud fija | 990701s1897 be afhz |||| | fre d |
| 040 ## - FUENTE DE CATALOGACIÓN | |
| Centro catalogador/agencia de origen | GA |
| Lengua de catalogación | spa |
| Centro/agencia transcriptor | CCPB | 3D |
| 100 1# - ENTRADA PRINCIPAL--NOMBRE DE PERSONA | |
| Nombre de persona | Rooses, Max. |
| 9 (RLIN) | 99528 |
| 245 10 - MENCIÓN DEL TÍTULO | |
| Título | Christophe Plantin |
| Resto del título | : imprimeur anversois / |
| Mención de responsabilidad, etc. | par Max Rooses. |
| 250 ## - MENCION DE EDICION | |
| Mención de edición | 2ème éd. |
| 260 ## - PUBLICACIÓN, DISTRIBUCIÓN, ETC. | |
| Lugar de publicación, distribución, etc. | Anvers : |
| Nombre del editor, distribuidor, etc. | Jos. Maes, |
| Fecha de publicación, distribución, etc. | 1896 ( |
| Fabricante | Imp. J.-E. Buschmann) |
| 300 ## - DESCRIPCIÓN FÍSICA | |
| Extensión | 414 p., [78] h. de facs. y lám. : |
| Otras características físicas | Facs., il. ; |
| Dimensiones | 32 cm. |
| 600 04 - PUNTO DE ACCESO ADICIONAL DE MATERIA--NOMBRE DE PERSONA | |
| Nombre de persona | Plantin, Christophe. |
| 9 (RLIN) | 92576 |
| 655 #7 - TERMINO DE INDIZACIÓN--GENERO/FORMA | |
| Fuente del término | tgfbne |
| 9 (RLIN) | 226495 |
| Datos o término principal de género/forma | Facsímiles |
| 852 ## - LOCALIZACIÓN | |
| Ubicación | ES-MaACL |
| Número de control de estantería | C-1591 |
| Nota libre | -- Enc. pasta grab. |
| 942 ## - ELEMENTOS DE ENTRADA SECUNDARIOS (KOHA) | |
| Fuente del sistema de clasificación o colocación | Clasificación decimal universal |
| Estatus retirado | Estado de pérdida | Estado de daño | No para préstamo | Colección | Biblioteca de origen | Biblioteca actual | Ubicación en estantería | Fecha de adquisición | Fuente de adquisición | Total de préstamos | Signatura topográfica completa | Código de barras | Visto por última vez | Precio de reemplazo | Tipo de ítem Koha |
|---|---|---|---|---|---|---|---|---|---|---|---|---|---|---|---|
| Libros del s. XIX | Biblioteca del Ateneo de Madrid | Biblioteca del Ateneo de Madrid | Sala Palomar | 17/01/2008 | C-1591 | 1171835 | 23/02/2023 | 23/02/2023 | Libro impreso antiguo |
